000 00626nam a2200229Ia 4500
003 OSt
005 20220923230412.0
006 a|||||r|||| 00| 0
007 ta
008 Pun
024 _a281,515
037 _cTextual
040 _aARTS
_cARTS
_bPun
041 _2Pun
_aPun
082 _aO153,2N38:g, M7
100 _aਕਾਹਲੋ੍ਵ, ਅਛੱਰ ਸਿੰਘ
245 0 _aਚਰਨਦਾਸ ਸਿੱਧ
260 _c1987
650 _aਪੰਜਾਬੀ ਸਾਹਿਤ
942 _hO153,2N38:g, M7
_cTEXL
_2CC
999 _c384607
_d384607